[Event "Festival A"]
[Site "Torino ITA"]
[Date "2009.12.05"]
[Round "2"]
[White "Macheda, Andrea"]
[Black "Martin, Tiziano"]
[Result "1/2-1/2"]
[WhiteElo "1515"]
[BlackElo "1968"]
[PlyCount "74"]
[EventDate "2009.12.04"]

1. e4 e5 2. Nf3 Nc6 3. Bb5 d6 4. d4 Bd7 5. O-O exd4 6. Nxd4 Nf6 7. Re1 Be7 8.
c4 O-O 9. Nc3 Re8 10. f3 a6 11. Ba4 Nxd4 12. Qxd4 Bxa4 13. Nxa4 Nd7 14. Bf4 Bf6
15. Qd2 Ne5 16. Bxe5 Bxe5 17. Nc3 c6 18. Nd1 Qb6+ 19. Kh1 Rad8 20. Ne3 Qxb2 21.
Qxb2 Bxb2 22. Rab1 Bc3 23. Red1 b5 24. cxb5 axb5 25. Rbc1 b4 26. a3 Bb2 27.
Rxc6 bxa3 28. Ra6 Rc8 29. h3 Red8 30. Ra5 g6 31. Rdd5 Rc3 32. Nd1 Rb3 33. Rd2
Be5 34. Rxe5 dxe5 35. Rxd8+ Kg7 36. Rd2 Rb1 37. Kh2 a2 1/2-1/2

[Event "Festival A"]
[Site "Torino ITA"]
[Date "2009.12.05"]
[Round "2"]
[White "Matta, Francesca"]
[Black "Faraoni, Enrico"]
[Result "0-1"]
[WhiteElo "1891"]
[BlackElo "2101"]
[PlyCount "54"]
[EventDate "2009.12.04"]

1. d4 f5 2. Nf3 Nf6 3. g3 g6 4. Bg2 Bg7 5. O-O O-O 6. c4 d6 7. Nc3 Nc6 8. Re1
Kh8 9. a3 e5 10. dxe5 Nxe5 11. Nd2 Be6 12. b3 Nfg4 13. Bb2 f4 14. Nf3 fxg3 15.
hxg3 c6 16. Ra2 Nxc4 17. bxc4 Bxc4 18. Ne4 Bxa2 19. Bxg7+ Kxg7 20. Qa1+ Kg8 21.
Qxa2+ d5 22. Bh3 Qe7 23. Ned2 h5 24. e4 Qc5 25. Nb3 Qc3 26. Bxg4 hxg4 27. Nh2
Qxe1+ 0-1

[Event "Festival A"]
[Site "Torino ITA"]
[Date "2009.12.05"]
[Round "3"]
[White "Cavaliere, Simone"]
[Black "Ranieri, Fabrizio"]
[Result "1-0"]
[WhiteElo "1868"]
[BlackElo "2276"]
[PlyCount "99"]
[EventDate "2009.12.04"]

1. e4 e6 2. d4 d5 3. Nc3 Nf6 4. e5 Nfd7 5. f4 c5 6. Nf3 Nc6 7. Be3 cxd4 8. Nxd4
Qb6 9. Qd2 Qxb2 10. Rb1 Qa3 11. Rb3 Qa5 12. Bd3 Bb4 13. O-O Nc5 14. Rxb4 Nxb4
15. Ncb5 Ncxd3 16. Nd6+ Kf8 17. cxd3 Nc6 18. Qf2 Ne7 19. f5 exf5 20. Bg5 Qb6
21. Bxe7+ Kxe7 22. Qh4+ Kf8 23. Kh1 Bd7 24. N6xf5 Bxf5 25. Nxf5 Re8 26. Nd6 Re7
27. Rc1 Qd8 28. Rc8 Qxc8 29. Nxc8 Rd7 30. h3 h5 31. Nxa7 Rh6 32. Nb5 Kg8 33.
Nd6 f6 34. Qa4 Re7 35. Qa8+ Kh7 36. Nf5 Rxe5 37. Nxh6 Kxh6 38. Qxb7 g5 39. Kh2
g4 40. a4 Re3 41. Qb8 Rxd3 42. hxg4 hxg4 43. Qf4+ Kg7 44. Qxg4+ Kf7 45. Qh5+
Kg7 46. a5 Ra3 47. Qg4+ Kh6 48. Qh4+ Kg7 49. Qg3+ Rxg3 50. Kxg3 1-0

[Event "Festival A"]
[Site "Torino ITA"]
[Date "2009.12.05"]
[Round "3"]
[White "Faraoni, Enrico"]
[Black "Rossetti, Alberto"]
[Result "1-0"]
[WhiteElo "2101"]
[BlackElo "1933"]
[PlyCount "189"]
[EventDate "2009.12.04"]

1. e4 c6 2. d4 d5 3. e5 c5 4. Bb5+ Bd7 5. Bxd7+ Qxd7 6. Ne2 e6 7. O-O Nc6 8. c3
Nge7 9. Ng3 g6 10. Bg5 Bg7 11. Na3 a6 12. Qd2 h6 13. Bf6 Bxf6 14. exf6 Nf5 15.
dxc5 Qd8 16. Rae1 Kf8 17. Nxf5 gxf5 18. b4 Qxf6 19. Nc2 Rg8 20. f4 Rd8 21. Nd4
h5 22. Nxc6 bxc6 23. Re5 Qg6 24. Rf2 Kg7 25. Re3 Kh6 26. Qd4 Qg7 27. Re5 Qf8
28. a4 Qe7 29. Rfe2 Qd7 30. a5 Rg6 31. R5e3 Qe7 32. Qd3 Qb7 33. Rh3 Qb5 34. Qf3
Rg4 35. Qe3 Rdg8 36. Qe5 R4g6 37. Rf2 Qa4 38. Qe1 Qb3 39. Kh1 Qc4 40. Qe3 Qb3
41. Rxh5+ Kg7 42. Qe1 Kf8 43. Rh3 Qc4 44. Rhf3 Qe4 45. Re3 Qc4 46. g3 Rg4 47.
Qe2 Qxe2 48. Rexe2 Ke7 49. Kg2 Kf6 50. Kf3 Ke7 51. Rg2 Rh8 52. Re3 Rh3 53. Rge2
Rgh4 54. Rd3 Rh8 55. Rdd2 Rb8 56. Ke3 Kd7 57. Kd4 Ke7 58. Rd3 Rbh8 59. Rdd2 Rb8
60. Rb2 Rd8 61. c4 dxc4+ 62. Kxc4 Rd1 63. Rbd2 Rc1+ 64. Kb3 Rb1+ 65. Kc3 Rc1+
66. Rc2 Rf1 67. Kb2 Kd7 68. Rcd2+ Kc7 69. Rf2 Re1 70. Kc3 Rc1+ 71. Kd4 Rb1 72.
Rb2 Re1 73. Rfe2 Rd1+ 74. Ke3 Rf1 75. Rf2 Rd1 76. Kf3 Rd8 77. Kg2 Rdh8 78. Kg1
Rd8 79. Rfd2 Rb8 80. Rd6 Rd8 81. Rxd8 Kxd8 82. Rd2+ Kc7 83. Rd6 Rh8 84. Kg2 Rb8
85. Rd4 f6 86. h4 e5 87. Rd6 Rxb4 88. Rxf6 exf4 89. Rxf5 fxg3 90. Kxg3 Rb1 91.
h5 Kd7 92. Re5 Rg1+ 93. Kf4 Rg2 94. Kf5 Rf2+ 95. Kg6 1-0

[Event "Festival A"]
[Site "Torino ITA"]
[Date "2009.12.06"]
[Round "4"]
[White "Cavaliere, Simone"]
[Black "Faraoni, Enrico"]
[Result "0-1"]
[WhiteElo "1868"]
[BlackElo "2101"]
[PlyCount "66"]
[EventDate "2009.12.04"]

1. e4 c5 2. Nf3 Nc6 3. d4 cxd4 4. Nxd4 e5 5. Nb5 d6 6. N1c3 a6 7. Na3 b5 8. Nd5
Nce7 9. c4 Nxd5 10. Qxd5 Be6 11. Qd1 Nf6 12. Be2 Nxe4 13. Bf3 f5 14. O-O bxc4
15. Qe2 Rc8 16. Bxe4 fxe4 17. Qxe4 Be7 18. f4 O-O 19. f5 Bf7 20. Be3 d5 21.
Qxe5 Bf6 22. Qg3 Bxb2 23. Rab1 Bf6 24. Rb6 d4 25. Rd6 dxe3 26. Rxd8 Rfxd8 27.
Nc2 Rd3 28. Rb1 e2 29. Qg4 Re8 30. Kf2 h5 31. Qf4 Rd1 32. Rc1 Bd4+ 33. Kf3 Rf1+
0-1

[Event "Festival A"]
[Site "Torino ITA"]
[Date "2009.12.06"]
[Round "4"]
[White "Manino, Edoardo"]
[Black "Benaglia, Giovanni"]
[Result "0-1"]
[WhiteElo "1960"]
[BlackElo "1982"]
[PlyCount "66"]
[EventDate "2009.12.04"]

1. d4 e6 2. c4 b6 3. Nf3 Bb7 4. g3 f5 5. Bg2 Nf6 6. O-O Be7 7. Nc3 Ne4 8. Qc2
Nxc3 9. Qxc3 O-O 10. Rd1 Bf6 11. Qc2 Be4 12. Qb3 Qe7 13. Bf4 d6 14. d5 Nd7 15.
dxe6 Nc5 16. Qa3 Nxe6 17. Be3 g5 18. Ne1 Bxg2 19. Nxg2 Qg7 20. Rab1 f4 21. Bd2
fxg3 22. hxg3 Nd4 23. Qd3 Rae8 24. Be3 c5 25. b4 Qd7 26. Kh2 Qg4 27. Bxd4 cxd4
28. Rd2 Be5 29. Rh1 Rxf2 30. Kg1 Rf7 31. e3 Qxg3 32. exd4 Bxd4+ 33. Qxd4 Re1#
0-1

[Event "Festival A"]
[Site "Torino ITA"]
[Date "1996.12.06"]
[Round "5"]
[White "Miglietta, Manuel"]
[Black "Cacinschi, Alexandru"]
[Result "1-0"]
[WhiteElo "1670"]
[BlackElo "2034"]
[PlyCount "85"]
[EventDate "2009.12.04"]

1. c4 c5 2. Nc3 Nc6 3. Nf3 Nf6 4. g3 e6 5. d4 cxd4 6. Nxd4 Qb6 7. Ndb5 Ne5 8.
Bf4 d6 9. b3 Nfg4 10. Qd4 Qc6 11. Rg1 a6 12. Bg2 Qd7 13. Na4 axb5 14. Nb6 Qc7
15. Nxa8 Qa5+ 16. Bd2 Qxa8 17. h3 Nf6 18. cxb5 Be7 19. a4 Bd7 20. Qb6 Nd5 21.
Bxd5 exd5 22. f4 Ng6 23. a5 O-O 24. a6 bxa6 25. bxa6 Rb8 26. Qc7 Nf8 27. a7 Rb7
28. Qxb7 Qxb7 29. a8=Q Qxb3 30. Qa3 Qb6 31. Qe3 Qd8 32. Ba5 Qe8 33. Kf2 d4 34.
Qd3 Bf6 35. Rab1 Qa8 36. Bc7 Qd5 37. Qf3 Qa2 38. Bxd6 g6 39. Rb8 Bg7 40. Qa8
Qxa8 41. Rxa8 d3 42. exd3 Bd4+ 43. Ke2 1-0

[Event "XXX Memorial Edoardo Crespi B"]
[Site "Milano ITA"]
[Date "2009.12.04"]
[Round "1"]
[White "Acunzo, Domenico"]
[Black "Piantoni, Pierino"]
[Result "0-1"]
[WhiteElo "1808"]
[BlackElo "1939"]
[PlyCount "130"]
[EventDate "2009.12.04"]

1. e4 e6 2. d4 d5 3. Nc3 Bb4 4. e5 c5 5. a3 Bxc3+ 6. bxc3 Qc7 7. Nf3 Bd7 8. a4
Nc6 9. Ba3 b6 10. Bd3 Na5 11. O-O Ne7 12. Re1 h6 13. Qc1 Nb7 14. Bb2 Bc6 15.
Qf4 Qd7 16. Ba6 Rb8 17. Ba3 Qc7 18. Bxb7 Bxb7 19. dxc5 bxc5 20. Qe3 Rc8 21.
Rab1 Ba6 22. Nd2 O-O 23. Nb3 Rfe8 24. Nxc5 Qc6 25. Bb4 Bc4 26. a5 a6 27. Nd3
Ng6 28. g3 Nf8 29. Qb6 Nd7 30. Qxc6 Rxc6 31. Nc1 Nc5 32. Ne2 Bxe2 33. Rxe2 Rec8
34. f3 Na4 35. Rb3 Nxc3 36. Bxc3 Rxc3 37. Rb6 Ra8 38. Kf2 Rc5 39. Ke3 Rxa5 40.
c3 Rc5 41. Ra2 Rxc3+ 42. Ke2 a5 43. f4 a4 44. Kd2 Rc4 45. Rc2 Rxc2+ 46. Kxc2 a3
47. Kb1 a2+ 48. Ka1 Ra7 49. Rd6 Kf8 50. g4 g6 51. f5 gxf5 52. gxf5 exf5 53.
Rxd5 Kg7 54. Rd6 Ra5 55. Rd2 Rxe5 56. Kxa2 Rb5 57. Rd6 f6 58. Rd7+ Kg6 59. Rd2
f4 60. Rg2+ Kf5 61. Rg7 f3 62. Rg3 Kf4 63. Rg6 f5 64. Rxh6 f2 65. Rh4+ Kg5 0-1

[Event "XXX Memorial Edoardo Crespi B"]
[Site "Milano ITA"]
[Date "2009.12.04"]
[Round "1"]
[White "Alidosi, Marco"]
[Black "Pescatore, Lorenzo"]
[Result "0-1"]
[WhiteElo "1789"]
[BlackElo "1900"]
[PlyCount "74"]
[EventDate "2009.12.04"]

1. Nf3 Nf6 2. g3 d5 3. Bg2 Nbd7 4. d3 e5 5. Nbd2 Bc5 6. O-O O-O 7. e4 c6 8. h3
Nh5 9. d4 exd4 10. Nxd4 Nxg3 11. fxg3 Bxd4+ 12. Kh2 dxe4 13. Nxe4 Nf6 14. c3
Be5 15. Qxd8 Rxd8 16. Bg5 Be6 17. Rf2 Nxe4 18. Bxe4 f6 19. Be3 Bd5 20. Bc2 Re8
21. Re2 Re7 22. Bb3 Rae8 23. Rae1 Bxb3 24. axb3 Bc7 25. Kg2 Bb6 26. Kf3 Bxe3
27. Rxe3 Rxe3+ 28. Rxe3 Rxe3+ 29. Kxe3 Kf7 30. b4 Ke6 31. c4 b5 32. b3 Ke5 33.
Kd3 h5 34. Ke3 g5 35. Kf3 Kd4 36. h4 bxc4 37. bxc4 Kxc4 0-1

[Event "XXX Memorial Edoardo Crespi B"]
[Site "Milano ITA"]
[Date "2009.12.04"]
[Round "1"]
[White "Attuati, Stefano"]
[Black "Bisignano, Giuseppe"]
[Result "0-1"]
[WhiteElo "1801"]
[BlackElo "1930"]
[PlyCount "68"]
[EventDate "2009.12.04"]

1. e4 e5 2. Nf3 Nc6 3. Bb5 a6 4. Ba4 Bc5 5. c3 b5 6. Bc2 Bb6 7. O-O Bb7 8. d4
Qe7 9. a4 Nh6 10. axb5 axb5 11. Rxa8+ Bxa8 12. Na3 exd4 13. cxd4 Nb4 14. Bb1 c6
15. Bg5 Qd6 16. Qd2 Na6 17. Ba2 Nc7 18. d5 O-O 19. e5 Qg6 20. Bb1 Qh5 21. Qd3
g6 22. Qd2 Nf5 23. Bxf5 gxf5 24. d6 Ne6 25. Bf6 c5 26. Ne1 Qg6 27. Nac2 f4 28.
f3 b4 29. Qf2 Bd5 30. Kh1 b3 31. Na1 Nd4 32. Rg1 c4 33. g3 Nxf3 34. Qxb6 Nxe1+
0-1

[Event "XXX Memorial Edoardo Crespi B"]
[Site "Milano ITA"]
[Date "2009.12.04"]
[Round "1"]
[White "Baccarin, Stefano"]
[Black "Bossoni, Mario"]
[Result "0-1"]
[WhiteElo "1840"]
[BlackElo "1971"]
[PlyCount "80"]
[EventDate "2009.12.04"]

1. e4 c5 2. Nc3 Nc6 3. g3 e6 4. Bg2 Nf6 5. f4 d5 6. e5 d4 7. Nce2 Nd5 8. Nf3 d3
9. cxd3 Ndb4 10. O-O Nxd3 11. Ne1 c4 12. Nxd3 cxd3 13. Nc3 Bc5+ 14. Kh1 O-O 15.
Ne4 Be7 16. Rf3 b6 17. Qf1 Ba6 18. Nf2 Rc8 19. Ne4 Nd4 20. Rf2 Qc7 21. Qd1 Ne2
22. Rf1 Rfd8 23. Nc3 Rd4 24. Rb1 Rdd8 25. a4 Bb4 26. Na2 Be7 27. b3 Bb7 28. Bf3
Bxf3+ 29. Rxf3 Qb7 30. Qf1 Nd4 31. Kg2 Qxf3+ 32. Qxf3 Nxf3 33. Kxf3 a6 34. Nc3
Bb4 35. Bb2 Kf8 36. Re1 Ke7 37. Re4 Bxc3 38. Bxc3 Rxc3 39. b4 Ra3 40. b5 axb5
0-1

[Event "XXX Memorial Edoardo Crespi B"]
[Site "Milano ITA"]
[Date "2009.12.04"]
[Round "1"]
[White "Bernago, Federico"]
[Black "Olivo, Mario"]
[Result "1-0"]
[WhiteElo "1960"]
[BlackElo "1827"]
[PlyCount "75"]
[EventDate "2009.12.04"]

1. e4 c5 2. Nf3 d6 3. c3 Nf6 4. Be2 Nc6 5. d4 cxd4 6. cxd4 a6 7. Nc3 b5 8. a3
Bb7 9. d5 Na5 10. O-O g6 11. Be3 Bg7 12. Rc1 Rc8 13. Nd2 O-O 14. b4 Nc4 15.
Nxc4 bxc4 16. Qd2 e6 17. dxe6 fxe6 18. Bf3 d5 19. exd5 Nxd5 20. Bxd5 exd5 21.
Rfd1 Bxc3 22. Qxc3 Qf6 23. Bd4 Qf5 24. Qd2 Qf4 25. Be3 Qg4 26. Bd4 Rf7 27. h3
Qf5 28. Rc3 Qf4 29. Be3 Qe4 30. Bd4 Qf5 31. Rf3 Qd7 32. Rxf7 Qxf7 33. Bc3 h5
34. Qd4 Kh7 35. Re1 Rg8 36. Re5 Qg7 37. Qe3 Rf8 38. Re7 1-0

[Event "XXX Memorial Edoardo Crespi B"]
[Site "Milano ITA"]
[Date "2009.12.04"]
[Round "1"]
[White "Bisignano, Riccardo"]
[Black "Carbone, Lorenzo"]
[Result "1/2-1/2"]
[WhiteElo "1937"]
[BlackElo "1808"]
[PlyCount "68"]
[EventDate "2009.12.04"]

1. e4 c5 2. Nc3 Nc6 3. g3 e6 4. Bg2 Nf6 5. f4 d6 6. d3 Be7 7. Nf3 O-O 8. O-O a6
9. h3 Qc7 10. Be3 b5 11. e5 dxe5 12. fxe5 Nd5 13. Nxd5 exd5 14. Bf4 Be6 15. c3
Rad8 16. Rc1 Qd7 17. Kh2 b4 18. d4 c4 19. Qe2 a5 20. Rce1 a4 21. Bg5 h6 22.
Bxe7 Qxe7 23. Qd2 Rb8 24. Nh4 Qd7 25. g4 bxc3 26. bxc3 Ne7 27. Rf2 a3 28. Qc1
Ra8 29. Ref1 Rfb8 30. Nf5 Ng6 31. h4 Qd8 32. h5 Nf8 33. Kg3 Nh7 34. Nd6 Ng5
1/2-1/2

[Event "XXX Memorial Edoardo Crespi B"]
[Site "Milano ITA"]
[Date "2009.12.04"]
[Round "1"]
[White "Cartella, Giovanni"]
[Black "Conta, Diego"]
[Result "0-1"]
[WhiteElo "1872"]
[BlackElo "1749"]
[PlyCount "96"]
[EventDate "2009.12.04"]

1. d4 d5 2. Nf3 Nf6 3. Bg5 e6 4. e3 h6 5. Bh4 Nc6 6. c3 Be7 7. Bd3 O-O 8. Nbd2
a6 9. Rg1 Ne8 10. Bxe7 Qxe7 11. g4 g6 12. Qc2 e5 13. dxe5 Nxe5 14. Nxe5 Qxe5
15. O-O-O c5 16. Nf3 Qg7 17. Nh4 c4 18. Be2 Nc7 19. f4 b5 20. Bf3 Bb7 21. Ng2
Rad8 22. h4 Bc8 23. h5 a5 24. Nh4 Rd6 25. Nf5 Bxf5 26. gxf5 b4 27. hxg6 fxg6
28. fxg6 bxc3 29. Qxc3 Qxc3+ 30. bxc3 Kg7 31. Kd2 Rxg6 32. Rxg6+ Kxg6 33. Ke2
Nb5 34. Kd2 Rd8 35. Rb1 Nd6 36. Rg1+ Kf6 37. Bh5 Ne4+ 38. Kc2 Kf5 39. Bg6+ Kf6
40. Bh5 Kf5 41. Rg7 a4 42. Ra7 Ng3 43. Bf3 Nf1 44. Re7 Nxe3+ 45. Rxe3 Kxf4 46.
Kd2 Rb8 47. Bd1 Rb2+ 48. Bc2 Rxc2+ 0-1

[Event "XXX Memorial Edoardo Crespi B"]
[Site "Milano ITA"]
[Date "2009.12.04"]
[Round "1"]
[White "Chiesa, Matteo"]
[Black "Memarian, Milad"]
[Result "0-1"]
[WhiteElo "1839"]
[BlackElo "1962"]
[PlyCount "72"]
[EventDate "2009.12.04"]

1. d4 Nf6 2. c4 c5 3. d5 b5 4. cxb5 a6 5. bxa6 Bxa6 6. Nc3 g6 7. g3 d6 8. Bg2
Bg7 9. Nf3 O-O 10. O-O Nbd7 11. Re1 Ng4 12. Bf4 Qa5 13. Bd2 Rfb8 14. Qc2 Qb6
15. Rab1 Bb7 16. h3 Nge5 17. b3 Bc8 18. Ng5 h6 19. Nge4 f5 20. Na4 Qa7 21. Nec3
Ba6 22. g4 fxg4 23. hxg4 Nxg4 24. Qxg6 Nde5 25. Qh5 c4 26. Ne4 Rf8 27. Qh4 cxb3
28. axb3 Rf7 29. Nac3 Raf8 30. Rf1 Bc8 31. Qg3 Ng6 32. Nd1 Be5 33. Qd3 Ba6 34.
Qh3 Bxe2 35. Bxh6 Rh7 36. Ng5 Rxh6 0-1

[Event "XXX Memorial Edoardo Crespi B"]
[Site "Milano ITA"]
[Date "2009.12.04"]
[Round "1"]
[White "Colombo, Luca"]
[Black "Palmieri, Giovanni"]
[Result "0-1"]
[WhiteElo "1886"]
[BlackElo "1764"]
[PlyCount "56"]
[EventDate "2009.12.04"]

1. e4 e6 2. d4 d5 3. e5 c5 4. c3 Nc6 5. Nf3 Qb6 6. Be2 cxd4 7. cxd4 Nge7 8. Nc3
Nf5 9. Bb5 Bd7 10. Bxc6 Bxc6 11. g4 Ne7 12. O-O Ng6 13. a3 Be7 14. b4 Qd8 15.
Bd2 O-O 16. g5 f6 17. gxf6 gxf6 18. Bh6 Rf7 19. b5 Bd7 20. Re1 fxe5 21. Nxe5
Nxe5 22. dxe5 Bc5 23. Qg4+ Kh8 24. Re2 Qb6 25. Qh4 Rg8+ 26. Kf1 Bxb5 27. Nxb5
Qxb5 28. f4 Rg1# 0-1

[Event "XXX Memorial Edoardo Crespi B"]
[Site "Milano ITA"]
[Date "2009.12.04"]
[Round "1"]
[White "Di Paola, Antonio"]
[Black "Regorda, Vittorio"]
[Result "0-1"]
[WhiteElo "1749"]
[BlackElo "1865"]
[PlyCount "106"]
[EventDate "2009.12.04"]

1. d4 d5 2. c4 c6 3. Nf3 Nf6 4. Nc3 a6 5. cxd5 cxd5 6. Bf4 Bf5 7. e3 e6 8. Be2
Be7 9. O-O O-O 10. Nh4 Be4 11. f3 Bg6 12. Nxg6 hxg6 13. Bg3 b5 14. a3 Nbd7 15.
Qb3 Nb6 16. Bf2 Bd6 17. e4 dxe4 18. fxe4 e5 19. d5 Nbd7 20. Qc2 Rc8 21. Qd3 Bc5
22. Qh3 Qb6 23. Bg4 Bxf2+ 24. Rxf2 Rxc3 25. bxc3 Nxe4 26. Raf1 f5 27. Bd1 Nxf2
28. Rxf2 Nc5 29. Qe3 Qd6 30. Rd2 f4 31. Qf3 e4 32. Qg4 Rf5 33. Rd4 a5 34. Bc2
Kf7 35. Bxe4 Nxe4 36. Rxe4 Qc5+ 37. Rd4 Qxc3 38. Qd1 Qe3+ 39. Kh1 f3 40. gxf3
Qxf3+ 41. Qxf3 Rxf3 42. d6 Ke8 43. d7+ Kd8 44. Rd5 Rf8 45. Rd3 Rf6 46. Kg2 Rb6
47. Kf3 b4 48. axb4 axb4 49. Rb3 Kxd7 50. Ke4 Kc6 51. Kd4 Kb5 52. Kd5 Rf6 53.
h3 Ka4 0-1

[Event "XXX Memorial Edoardo Crespi B"]
[Site "Milano ITA"]
[Date "2009.12.04"]
[Round "1"]
[White "Fiorili, Roberto"]
[Black "Silari, Andrea"]
[Result "1/2-1/2"]
[WhiteElo "1902"]
[BlackElo "1797"]
[PlyCount "32"]
[EventDate "2009.12.04"]

1. e4 c5 2. Nf3 Nc6 3. d4 cxd4 4. Nxd4 Nf6 5. Nc3 d6 6. Bg5 e6 7. f4 Be7 8.
Ndb5 O-O 9. Qd2 d5 10. Bxf6 Bxf6 11. O-O-O d4 12. Ne2 e5 13. Kb1 a6 14. Na3 b5
15. f5 Bg5 16. Qe1 Bb7 1/2-1/2

[Event "XXX Memorial Edoardo Crespi B"]
[Site "Milano ITA"]
[Date "2009.12.04"]
[Round "1"]
[White "Gaggino, Davide"]
[Black "Riccio, Luigi"]
[Result "1/2-1/2"]
[WhiteElo "1963"]
[BlackElo "1840"]
[PlyCount "39"]
[EventDate "2009.12.04"]

1. d4 d5 2. Nf3 Nf6 3. c4 e6 4. Nc3 Nbd7 5. g3 c6 6. cxd5 exd5 7. Bg2 Be7 8.
O-O O-O 9. Bf4 Re8 10. Re1 Nf8 11. Ne5 Ng6 12. Nxg6 hxg6 13. a3 a5 14. h3 Ne4
15. Be3 f5 16. Nxe4 dxe4 17. Qb3+ Qd5 18. Qxd5+ cxd5 19. h4 Bd6 20. Rac1
1/2-1/2

[Event "XXX Memorial Edoardo Crespi B"]
[Site "Milano ITA"]
[Date "2009.12.04"]
[Round "1"]
[White "Gonella, Daniele"]
[Black "Andreoni, Giuseppe"]
[Result "1/2-1/2"]
[WhiteElo "1856"]
[BlackElo "2037"]
[PlyCount "114"]
[EventDate "2009.12.04"]

1. e4 c5 2. c3 Nf6 3. e5 Nd5 4. Nf3 Nc6 5. d4 cxd4 6. cxd4 d6 7. Bc4 dxe5 8.
Nxe5 e6 9. O-O Bd6 10. Re1 O-O 11. Nc3 Nxc3 12. Nxc6 Bxh2+ 13. Kf1 Qc7 14. bxc3
Qxc6 15. Qd3 Bd7 16. g3 Bxg3 17. fxg3 Rac8 18. Bb3 Qh1+ 19. Ke2 Qg2+ 20. Kd1 e5
21. Bd2 Bg4+ 22. Kc1 exd4 23. Qxd4 Rfd8 24. Qe3 b5 25. Bc2 b4 26. Be4 Qh2 27.
Rh1 Qe2 28. Bxh7+ Kf8 29. Qxe2 Bxe2 30. Bf5 Rc5 31. Rh8+ Ke7 32. Rxd8 Kxd8 33.
Bc2 bxc3 34. Be3 Rh5 35. Kb1 Rh1+ 36. Bc1 Rg1 37. a4 Bc4 38. a5 Rxg3 39. Ra4
Bb5 40. Rd4+ Kc8 41. Rd5 a6 42. Bf5+ Kb7 43. Rc5 Bd3+ 44. Bxd3 Rxd3 45. Kc2 Rf3
46. Ba3 f5 47. Bb4 g5 48. Bxc3 g4 49. Be5 g3 50. Rc7+ Ka8 51. Rg7 f4 52. Kd2
Ra3 53. Bc7 g2 54. Bb6 Rg3 55. Ra7+ Kb8 56. Bg1 Ra3 57. Rxa6 Ra1 1/2-1/2

[Event "XXX Memorial Edoardo Crespi B"]
[Site "Milano ITA"]
[Date "2009.12.04"]
[Round "1"]
[White "Kimbin, Richard Conrod"]
[Black "Scarpellini, Felice"]
[Result "1-0"]
[WhiteElo "1935"]
[BlackElo "1803"]
[PlyCount "84"]
[EventDate "2009.12.04"]

1. e4 d6 2. Nf3 g6 3. g3 Bg7 4. Bg2 Nf6 5. d3 O-O 6. O-O Bg4 7. h3 Bxf3 8. Bxf3
e5 9. Be3 c5 10. c4 Nc6 11. Nc3 Nd4 12. Bg2 a6 13. f4 Nh5 14. Bxd4 cxd4 15. Ne2
f5 16. exf5 gxf5 17. Bxb7 Rb8 18. Bd5+ Kh8 19. Rb1 Nf6 20. Bg2 Nd7 21. b4 Qc7
22. a4 Qb6 23. fxe5 dxe5 24. c5 Qc7 25. Qc1 Rf6 26. Qc4 Rbf8 27. c6 Nb6 28.
Qxa6 Ra8 29. Qb7 Qxb7 30. cxb7 Rb8 31. a5 Na4 32. Rfc1 e4 33. Rc8+ Rf8 34. Rxb8
Rxb8 35. a6 Nb6 36. dxe4 d3 37. Nf4 fxe4 38. Bxe4 d2 39. a7 Bd4+ 40. Kh2 Rxb7
41. Bxb7 Bb2 42. Rd1 Bc1 1-0

[Event "XXX Memorial Edoardo Crespi B"]
[Site "Milano ITA"]
[Date "2009.12.04"]
[Round "1"]
[White "Lanni, Vincenzo"]
[Black "Rossi, Giampiero"]
[Result "1/2-1/2"]
[WhiteElo "1803"]
[BlackElo "1936"]
[PlyCount "97"]
[EventDate "2009.12.04"]

1. d4 d5 2. g3 c6 3. Bg2 Nf6 4. Nf3 h6 5. Nbd2 Bf5 6. c4 e6 7. cxd5 exd5 8. Ne5
Nbd7 9. Nxd7 Qxd7 10. O-O Bd6 11. a3 O-O 12. e3 Rfe8 13. Nb3 Qe7 14. Bd2 Rac8
15. Rc1 Ne4 16. Bc3 Ng5 17. Nd2 Bh3 18. b4 Bxg2 19. Kxg2 a6 20. Re1 Qe6 21. Rf1
Qh3+ 22. Kg1 Ne4 23. Nxe4 Rxe4 24. Qf3 Rce8 25. Bd2 h5 26. Qg2 Qxg2+ 27. Kxg2
g6 28. Rb1 f5 29. Rfe1 Bf8 30. a4 b5 31. axb5 axb5 32. Rec1 R4e6 33. Ra1 Rd8
34. Ra6 Rdd6 35. Raa1 Kf7 36. Re1 Rd7 37. Rec1 Rdd6 38. Re1 Ke7 39. Rec1 Rd7
40. Re1 Bg7 41. h4 Bf6 42. Kf3 Kd6 43. Rh1 Ree7 44. Ra6 Ra7 45. Rha1 Rxa6 46.
Rxa6 Rb7 47. Ra8 Rg7 48. Bc3 Rf7 49. Kg2 1/2-1/2

[Event "XXX Memorial Edoardo Crespi B"]
[Site "Milano ITA"]
[Date "2009.12.04"]
[Round "1"]
[White "Marinc, Damir"]
[Black "Trent, Alan M."]
[Result "1-0"]
[WhiteElo "2022"]
[BlackElo "1848"]
[PlyCount "85"]
[EventDate "2009.12.04"]

1. e4 c6 2. Nc3 g6 3. d4 d5 4. e5 Be6 5. Nge2 Na6 6. Nf4 Nc7 7. Be3 Nh6 8. Bd3
Bg4 9. f3 Bc8 10. g4 Ne6 11. Nfe2 Nc7 12. h4 Bxg4 13. fxg4 Nxg4 14. Bg5 h5 15.
Nf4 Qd7 16. Qe2 O-O-O 17. O-O-O Rg8 18. Nh3 Ne6 19. Be3 Rh8 20. Bg1 Kb8 21. Kb1
Bh6 22. Qf3 Rhf8 23. Qg3 Ka8 24. Be2 Ng7 25. Bxg4 Qxg4 26. Qxg4 hxg4 27. Nf2 g3
28. Ng4 Rh8 29. Ne2 Nf5 30. Nxh6 Rxh6 31. Rh3 g5 32. Nxg3 Nxg3 33. Rxg3 gxh4
34. Rh3 Rg8 35. Be3 Rh7 36. Rdh1 Rg4 37. Bf2 Re4 38. Rxh4 Rhxh4 39. Rxh4 Rxh4
40. Bxh4 e6 41. Kc1 Kb8 42. Kd2 Kc7 43. Ke3 1-0

[Event "XXX Memorial Edoardo Crespi B"]
[Site "Milano ITA"]
[Date "2009.12.04"]
[Round "1"]
[White "Murli, Almerico"]
[Black "Bernasconi, Roberto"]
[Result "1/2-1/2"]
[WhiteElo "1816"]
[BlackElo "1941"]
[PlyCount "47"]
[EventDate "2009.12.04"]

1. e4 e5 2. Nf3 Nf6 3. Nxe5 d6 4. Nf3 Nxe4 5. Qe2 Qe7 6. d3 Nf6 7. Bg5 Qxe2+ 8.
Bxe2 Be7 9. Nc3 c6 10. O-O-O Na6 11. Rhe1 Nc7 12. Ne4 Ne6 13. Nxf6+ gxf6 14.
Bh4 Bd7 15. Nd2 d5 16. Bf3 O-O-O 17. Nb3 Rde8 18. d4 Ng5 19. Bh5 Rhf8 20. Nd2
Bd6 21. Bg3 Be7 22. Re3 Bf5 23. Rde1 Kd7 24. c3 1/2-1/2

[Event "XXX Memorial Edoardo Crespi B"]
[Site "Milano ITA"]
[Date "2009.12.04"]
[Round "1"]
[White "Olivieri, Alessandro"]
[Black "Casartelli, Fabio"]
[Result "1-0"]
[WhiteElo "1800"]
[BlackElo "1908"]
[PlyCount "101"]
[EventDate "2009.12.04"]

1. d4 d5 2. c4 c6 3. cxd5 cxd5 4. Nc3 Nf6 5. Nf3 e6 6. Bf4 Be7 7. e3 a6 8. Bd3
Nc6 9. Rc1 O-O 10. Ne5 Bb4 11. a3 Bxc3+ 12. bxc3 Nxe5 13. Bxe5 b5 14. h4 Ne4
15. f3 Nd6 16. h5 f6 17. h6 fxe5 18. hxg7 Rf7 19. Rxh7 Rxg7 20. Rxg7+ Kxg7 21.
dxe5 Qh4+ 22. Ke2 Nc4 23. Qc2 Qg3 24. Rg1 Nxe5 25. Kd1 Bb7 26. Rh1 Rh8 27. Bh7
d4 28. exd4 Bxf3+ 29. Kc1 Qf4+ 30. Kb2 Nc4+ 31. Ka2 Be4 32. Bxe4 Rxh1 33. g3
Qd2 34. Qxd2 Nxd2 35. Bxh1 Nf1 36. Kb3 Nxg3 37. Bb7 a5 38. Bc6 Nf5 39. Bxb5 Nd6
40. Ka4 Ne4 41. c4 Kf6 42. Kxa5 e5 43. d5 Nd6 44. c5 Nb7+ 45. Kb6 Nd8 46. c6
Nf7 47. c7 Nd6 48. Bd7 e4 49. c8=Q Nxc8+ 50. Bxc8 Ke5 51. Kc6 1-0

[Event "XXX Memorial Edoardo Crespi B"]
[Site "Milano ITA"]
[Date "2009.12.04"]
[Round "1"]
[White "Orsi, Matteo"]
[Black "Reale, Simone"]
[Result "1/2-1/2"]
[WhiteElo "1960"]
[BlackElo "1826"]
[PlyCount "116"]
[EventDate "2009.12.04"]

1. Nf3 Nf6 2. g3 d6 3. Bg2 e5 4. d3 Be7 5. e4 Nc6 6. c3 O-O 7. O-O Bg4 8. h3
Bh5 9. Be3 Re8 10. Qc2 Qd7 11. Nbd2 Rad8 12. b4 b5 13. d4 exd4 14. Nxd4 Ne5 15.
f4 Ng6 16. Nf5 Be2 17. Rf2 Bc4 18. Nxc4 bxc4 19. Rd1 Qb5 20. a4 Qb8 21. Qe2 Qc8
22. Qxc4 d5 23. Nxe7+ Nxe7 24. Qc5 Nxe4 25. Bxe4 dxe4 26. Rxd8 Qxd8 27. Rd2 Qc8
28. Kg2 Nf5 29. Qxa7 Nxe3+ 30. Qxe3 h5 31. a5 Qa6 32. Qe2 Qc6 33. Qe3 Qa6 34.
Rd4 Qe6 35. c4 f5 36. b5 Ra8 37. a6 c6 38. a7 cxb5 39. cxb5 Qa2+ 40. Rd2 Qxa7
41. b6 Qb7 42. Kf2 Kh7 43. Qc5 Qf7 44. Qb5 Ra3 45. Re2 Rf3+ 46. Ke1 Qg6 47. b7
Qxg3+ 48. Kd2 Qxf4+ 49. Kc2 Qc7+ 50. Kb2 Qc3+ 51. Ka2 Qa3+ 52. Kb1 Rb3+ 53.
Qxb3 Qxb3+ 54. Rb2 Qd3+ 55. Ka2 Qd5+ 56. Kb1 Qd1+ 57. Ka2 Qd5+ 58. Kb1 Qd3+
1/2-1/2